Historical origin of common edible plants - Statistics

General Stats
  • This quiz has been taken 50 times
  • The average score is 15 of 24
Answer Stats
Plant Origin % Correct
Cherry Continent Asia
93%
Apple Continent Asia
88%
Rice Continent Asia
84%
Banana Continent Asia
81%
Potato Continent South America
81%
Kaki Fruit Continent Asia
79%
Wheat Continent Asia
79%
Passion Fruit Continent South America
79%
Cucumber Continent Asia
74%
Carrot Continent Asia
74%
Country China
72%
Oat Continent Europe
65%
Country Venezuela, Colombia, ...
65%
Country Brazil, Paraguay, Argentina
63%
Quinoa Continent South America
63%
Country Indonesia, Malaysia
49%
Country Switzerland
47%
Country Bolivia, Peru
42%
Country China
42%
Country India
37%
Country Syria, Iraq, ...
30%
Country Turkey
30%
Country Turkey
30%
Country Afghanistan
12%
No matching quizzes found
Score Distribution
Percent of People with Each Score
Percentile by Number Answered
Your Score History
You have not taken this quiz